First among equals (Record no. 38697)
[ view plain ]
| 000 -LEADER | |
|---|---|
| fixed length control field | 00280nam a2200109Ia 4500 |
| 082 ## - DEWEY DECIMAL CLASSIFICATION NUMBER | |
| Classification number | 82-3 |
| Item number | ARC-F |
| 100 ## - MAIN ENTRY--AUTHOR NAME | |
| Personal name | Archer, Jeffrey |
| 245 #0 - TITLE STATEMENT | |
| Title | First among equals |
| 260 ## - PUBLICATION, DISTRIBUTION, ETC. (IMPRINT) | |
| Place of publication | Great Britain |
| Name of publisher | Hodder and Stoughton |
| Year of publication | 1984 |
| 942 ## - ADDED ENTRY ELEMENTS (KOHA) | |
| Koha item type | Books |
| Withdrawn status | Lost status | Damaged status | Not for loan | Home library | Current library | Date acquired | Cost, normal purchase price | Full call number | Accession Number | Koha item type |
|---|---|---|---|---|---|---|---|---|---|---|
| RRII Library | RRII Library | 16/12/2021 | 30.00 | 82-3 ARC-F | 19050 | Books |